000 00662nam a2200181 i 4500
001 20043
003 ES-MaACL
005 20230906152224.0
007 t|
008 021121s1924 sp ||||1| spa d
100 1 _aAscanio, Nicolás de.
_923533
245 1 3 _aLa Atlántida cuaternaria /
_cNicolás de Ascanio.
260 _aOrotava :
_b[s.n.],
_c1924 (
_fImp. Orotava)
300 _a30 p. :
_bil. ;
_c31 cm.
500 _aEn la cubierta: La Atlántida Cuaternaria y la conferencia que pronunció MR. Pierre Termier, sobre la Atlántida, en el Instituto Oceanográfico de París en 1912.
700 1 _aTermier, Pierre.
_9109755
852 _aES-MaACL
_j1703-F-11
999 _c20043
_d20043